000 00432nam a2200169Ia 4500
008 131103s9999 xx 000 0 und d
040 _aLoreto College
041 _aEnglish
082 _a880/STU
_bLCLIB
100 _aSturgeon,Mary C.
245 _aWomen of the Classics
_cMary C.Sturgeon
260 _aLondon
_bGeorge G.Harrap
_c1915
300 _a292 p.
_c 22 cm.
504 _aIncludes index
850 _aLCLIB
942 _cBK
999 _c5484
_d55963